Kadala dhyana. (Record no. 105537)

MARC details
000 -LEADER
fixed length control field 00520nam a2200193Ia 4500
003 - CONTROL NUMBER IDENTIFIER
control field OSt
005 - DATE AND TIME OF LATEST TRANSACTION
control field 20250807113812.0
008 - FIXED-LENGTH DATA ELEMENTS--GENERAL INFORMATION
fixed length control field 210210b2002 xxu||||| |||| 00| 0 eng d
040 ## - CATALOGING SOURCE
Transcribing agency AL
041 ## - LANGUAGE CODE
Language code of text/sound track or separate title Kannada
082 ## - DEWEY DECIMAL CLASSIFICATION NUMBER
Classification number K894.1 VASK
100 ## - MAIN ENTRY--PERSONAL NAME
Personal name VASANTA BANNADI
Dates associated with a name ವಸಂತ ಬನ್ನಾಡಿ
9 (RLIN) 234510
245 ## - TITLE STATEMENT
Title Kadala dhyana.
Remainder of title ಕಡಲಧ್ಯಾನ
260 ## - PUBLICATION, DISTRIBUTION, ETC.
Place of publication, distribution, etc. Kundapur.
Name of publisher, distributor, etc. Bahurupi Prakashana
Date of publication, distribution, etc. 2002
300 ## - PHYSICAL DESCRIPTION
Extent xvi,93
690 ## - LOCAL SUBJECT ADDED ENTRY--TOPICAL TERM (OCLC, RLIN)
Topical term or geographic name as entry element Kannada Poetry
9 (RLIN) 234511
906 ## - LOCAL DATA ELEMENT F, LDF (RLIN)
a 058357
942 ## - ADDED ENTRY ELEMENTS (KOHA)
Source of classification or shelving scheme Dewey Decimal Classification
Koha item type Book
Holdings
Withdrawn status Lost status Source of classification or shelving scheme Damaged status Not for loan Collection code Home library Current library Shelving location Date acquired Source of acquisition Cost, normal purchase price Total Checkouts Total Renewals Full call number Barcode Date last seen Date last checked out Price effective from Koha item type
    Dewey Decimal Classification     Kannada St Aloysius Library St Aloysius Library   02/17/2021 Athree Book Centre, Mangalore-01. 75.00 1 1 K894.1 VASK 058357 11/06/2023 10/17/2023 02/17/2021 Book